000 00561nam a22001937a 4500
005 20251108171227.0
008 250721s1990 xx 000 0 ara d
082 1 4 _a020/أحم
100 1 _aعمر، أحمد أنور
245 1 0 _aمصادر المعلومات في المكتبات /
250 _aط3
264 1 _aالقاهرة :
_bالمكتبة الأكاديمية،
_c1990.
300 _a198ص
650 1 7 _aعلم المكتبات
650 1 7 _aالمكتبات
650 1 7 _aعلم المعلومات
942 _2ddc
_cBK
999 _c59836
_d59836